Project Management and Project Network Techniques: Critical Path Analysis and other Project Network Techniques (Record no. 5373)

MARC details
005 - DATE AND TIME OF LATEST TRANSACTION
control field 20250626135357.0
020 ## - INTERNATIONAL STANDARD BOOK NUMBER
International Standard Book Number 0-273-69378-6
082 ## - DEWEY DECIMAL CLASSIFICATION NUMBER
Classification number 658.4/032 LOC
100 ## - MAIN ENTRY--PERSONAL NAME
Author name LOCKYER, K
245 ## - TITLE STATEMENT
Title Project Management and Project Network Techniques: Critical Path Analysis and other Project Network Techniques
250 ## - EDITION STATEMENT
Edition statement 7th Ed.
260 ## - PUBLICATION, DISTRIBUTION, ETC.
Place of publication, distribution, etc. Harlow
Name of publisher, distributor, etc. Prentice Hall
Date of publication, distribution, etc. 2005.
300 ## - PHYSICAL DESCRIPTION
Extent xii,257p.: ill.; figures, tables
Other physical details Index
Dimensions 24cm
700 ## - ADDED ENTRY--PERSONAL NAME
Other authors/Editors James Gordon
942 ## - ADDED ENTRY ELEMENTS (KOHA)
Source of classification or shelving scheme Dewey Decimal Classification
Koha item type Books
Holdings
Date last seen Total checkouts Full call number Barcode Price effective from Koha item type Lost status Source of classification or shelving scheme Damaged status Not for loan Withdrawn status Home library Current library Shelving location Date acquired Source of acquisition
06/26/2025   658.4/032 LOC MZA0002303 06/26/2025 Books   Dewey Decimal Classification       CBE Mwanza CBE Mwanza General Collection 06/20/2018 Donation from TLSB